Language and its structure; some fundamental linguistic concepts (رقم التسجيلة. 3405)

تفاصيل مارك
000 -الفاتح
حقل البيانات ثابتة الطول 00726nam a22002411 4500
001 - رقم الضبط
رقم الضبط 2649150
003 - محدد رقم الضبط
رقم الضبط OSt
005 - وقت وتاريخ اخر تعامل مع التسجيلة
رقم الضبط 20150408113745.0
008 - عناصر البيانات ثابتة الطول - معلومات عامة
حقل البيانات ثابتة الطول 710311s1968 nyu b 000 0 eng
010 ## - رقم ضبط مكتبة الكونجرس
رقم ضبط مكتبة الكونجرس 68027167
040 ## - مصدر الفهرسة
وكالة الفهرسة الأصلية MU
وكالة النسخ MU
وكالة التعديل MB
050 00 - رقم طلب مكتبة الكونجرس
رقم التصنيف P121
رقم المادة .L38 1968
082 00 - رقم تصنيف ديوى العشرى
رقم التصنيف 410 L R L
100 1# - المدخل الرئيسى - إسم شخصى
الإسم الشخصى Langacker, Ronald W.
9 (RLIN) 9147
245 10 - بيان العنوان
العنوان Language and its structure; some fundamental linguistic concepts
بقية العنوان [by] Ronald W. Langacker.
260 ## - PUBLICATION, DISTRIBUTION, ETC. (IMPRINT)
مكان الناشر او الموزع New York,
اسم الناشر او الموزع Harcourt, Brace & World
تاريخ النشر أو التوزيع [1968]
300 ## - الوصف المادى
التعداد ix, 260 p.
أبعاد الوعاء 23 cm.
504 ## - تبصرة ببليوجرافية
تبصرة ببليوجرافية,الخ Bibliography: p. 249-250.
650 #0 - المدخل الاضافى بالموضوع-مصطلح موضوعى
مصطلح موضوعي أو اسم جغرافي كعنصر مدخل Linguistics.
650 #0 - المدخل الاضافى بالموضوع-مصطلح موضوعى
مصطلح موضوعي أو اسم جغرافي كعنصر مدخل Language and languages.
906 ## - عنصر بيانات محلى F, LDF (RLIN)
a 7
b cbc
c orignew
d u
e ocip
f 19
g y-gencatlg
942 ## - عناصر المدخل الإضافي( كوها)
مصدر التصنيف او مخطط الترفيف Dewey Decimal Classification
Koha [default] item type كتاب

لا توجد مواد متاحة.